Trny : povídky /

Hlavní autor: Kovanda, Stanislav, 1878-1954
Jazyk: Čeština
Vydáno: Brno : A. Píša, 1913
Fyzický popis: 189 s. ; 8°
Knihy
Uloženo v:
LEADER 00913nam a22002412a 4500
001 001712912
003 CZ BrMZK
005 20191022081553.0
007 ta
008 191021s1913 xr er|||||||||||cze d
015 |a cnb000595218 
040 |a ABA001  |b cze  |c ULG001  |d ABA001  |d BOA001  |e aacr2 
100 1 |a Kovanda, Stanislav,  |d 1878-1954  |7 jk01062428  |4 aut 
245 1 0 |a Trny :  |b povídky /  |c Stanislav Kovanda 
260 |a Brno :  |b A. Píša,  |c 1913 
300 |a 189 s. ;  |c 8° 
505 0 |a Vdovin stav -- Večer -- Královna plesu -- Starý pán -- Na rumu slávy -- Ve věži -- Lež hojící -- Zlá příhoda -- U cizích dveří 
910 |a BOA001  |b 1-0041.981 
990 |a BK 
993 |a Y 
991 |b 201910 
996 6 |b 2618803894  |c 1-0041.981  |l MZK  |r Sklad / do 1 hodiny  |n 0  |w 001762418  |u 000020  |a 1  |e BOA001  |j MZK50  |s P 
996 6 |b 2618962291  |c 1-0041.981  |l MZK  |r Sklad / do 1 hodiny  |n 1  |w 001762418  |u 000010  |a 1  |e BOA001  |j MZK50  |s P